Score 0/42 Timer 04:00
0 Plays Today
1990s Movies Missing Word % Correct
___ ScissorhandsEdward
97.5%
Forrest ___Gump
97.1%
Saving Private ___Ryan
96.6%
Pulp ___Fiction
96.5%
The ___ Witch ProjectBlair
96%
Schindler's ___List
95.6%
The ___ of the LambsSilence
95.3%
Good Will ___Hunting
94.9%
Sleepless in ___Seattle
93.8%
The Nightmare Before ___Christmas
93.3%
A Few ___ MenGood
93.2%
Boyz n the ___Hood
91.5%
___ WillyFree
90.8%
Four ___ and a FuneralWeddings
88.8%
___ SlickersCity
88.5%
___ GilmoreHappy
88.1%
___ with WolvesDances
87.4%
___ and LouiseThelma
87.3%
___ and ConfusedDazed
86.1%
Reservoir ___Dogs
85.7%
___ MaguireJerry
85.3%
1990s Movies Missing Word % Correct
The ___ SuspectsUsual
82.1%
Boogie ___Nights
80.7%
The ___ DucksMighty
80.2%
How Stella Got Her ___ BackGroove
79.1%
My Cousin ___Vinny
77.2%
The ___ RedemptionShawshank
75.4%
___ History XAmerican
75.2%
Fear and ___ in Las VegasLoathing
74.8%
The ___ PatientEnglish
72.6%
The Talented Mr. ___Ripley
72.5%
The Bridges of ___ CountyMadison
71.9%
The Crying ___Game
67.5%
The ___ House RulesCider
66.5%
Mr. Holland's ___Opus
62.5%
Lock, Stock and Two ___ BarrelsSmoking
62.5%
Grosse Pointe ___Blank
59.7%
Waiting to ___Exhale
51.5%
The Iron ___Giant
48.5%
Barton ___Fink
34.9%
The Hudsucker ___Proxy
33.7%
Run ___ RunLola
30.9%

Today's Daily Dose

Remove Ads.
Support Sporcle.
Get the best of Sporcle when you Go Orange. This ad-free experience offers more features, more stats, and more fun while also helping to support Sporcle. Thank you for becoming a member.

You're not logged in!

Compare scores with friends on all Sporcle quizzes.
OR
Log In

Show Comments

Extras

Top Quizzes Today


Score Distribution

Your Account Isn't Verified!

In order to create a playlist on Sporcle, you need to verify the email address you used during registration. Go to your Sporcle Settings to finish the process.

Report this User

Report this user for behavior that violates our Community Guidelines.

Details: